000 01918nam0a2200325 4500
001 v19\rc\1262704
005 20260405130528.0
035 _a(NLR Aleph) 004416610
090 _a4079684
_c4079684
100 _a20060306d1896 |||y0rusy50 ca
101 0 _arus
102 _aRU
105 _ao w 000yy
200 1 _aЗначение бедствий и несчастий нынешняго века
_e(из поучений протоиерея В. Нордова)
205 _aИзд. 3-е
210 _aМосква
_cТипо-Литография И. Ефимова
_dценз. 1896
215 _a4 с.
_cил.
_d22
225 1 _aБлагословение Обители Св. Пантелеимона
_v№ 219
309 _aБез тит. л. и обл.
316 _aЭкз. РНБ входит в конволют, приплетено к: В чем состоит истинное покаяние? ; О св. таинствах причащения и елеосвящения : (из сочинений покойнаго Афонскаго иеромонаха Арсения). Москва : Типо-Литография И. Ефимова, ценз. 1893
_5NLR: 18.257.1.303
482 0 _1001v19\rc\1540794
_95450713
_cМосква
_dценз. 1893
_e3-е изд.
_nТипо-Литография И. Ефимова
_o(из сочинений покойнаго Афонскаго иеромонаха Арсения)
_p8 с.
_tВ чем состоит истинное покаяние?
518 1 _aЗначение бедствий и несчастий нынешнего века
700 1 _7ca
_8rus
_aНордов
_bВ. И.
_f1797-1883
_gВасилий Иванович
_934579
_3RU\NLR\AUTH\7751646
801 0 _aRU
_bNLR
_gpsbo
801 1 _aRU
_bProSoft-M
_2rusmarc
852 _aNLR
_j18.257.1.303(219)
942 _cBOOK
980 _aNB